21 nguyên tắc vàng của nghệ thuật lãnh đạo

Quyển sách "21 Nguyên Tắc Vàng Của Nghệ Thuật Lãnh Đạo" là những chắt lọc từ kiến thức và kinh nghiệm trong hơn 30 năm giảng dạy và thực hành nghệ thuật lãnh đạo của John C. Maxwell. Đó là những nguyên tắc mà theo Maxwell, các nhà lãnh...

Cijeli opis

Spremljeno u:
Bibliografski detalji
Glavni autor: Maxwell, John C.
Daljnji autori: Đinh Việt Hòa (Dịch)
Format: Knjiga
Jezik:Vietnamese
Izdano: H. Lao động 2023
Izdanje:Tái bản lần thứ 15
Teme:
Oznake: Dodaj oznaku
Bez oznaka, Budi prvi tko označuje ovaj zapis!
Thư viện lưu trữ: Thư viện Trường Đại học Nam Cần Thơ
LEADER 02109nam a22002657a 4500
001 NCT_4_009103
008 240617b xxu||||| |||| 00| 0 vie d
999 |c 8397  |d 8397 
020 |a 9786044804675  |c 199000 
082 0 4 |2 23rd ed.  |a 658.4092  |b M465 
100 1 |a Maxwell, John C. 
245 1 0 |a 21 nguyên tắc vàng của nghệ thuật lãnh đạo  |c John C. Maxwell; Đinh Việt Hòa (dịch) 
250 |a Tái bản lần thứ 15 
260 |a H.  |b Lao động  |c 2023 
300 |a 434 tr.  |c 21cm 
520 3 |a Quyển sách "21 Nguyên Tắc Vàng Của Nghệ Thuật Lãnh Đạo" là những chắt lọc từ kiến thức và kinh nghiệm trong hơn 30 năm giảng dạy và thực hành nghệ thuật lãnh đạo của John C. Maxwell. Đó là những nguyên tắc mà theo Maxwell, các nhà lãnh đạo nên vận dụng và thực hành một cách linh hoạt, thường xuyên, để đảm nhiệm vai trò và vị trí của mình một cách toàn diện, đồng thời dẫn dắt người khác cùng đi đến thành công. 
653 |a Quản trị kinh doanh 
700 1 |a Đinh Việt Hòa  |e Dịch 
942 |2 ddc  |c BK 
952 |0 0  |1 0  |2 ddc  |4 0  |6 658_409200000000000_M465  |7 0  |9 28987  |a 000001  |b 000001  |d 2024-06-17  |o 658.4092 M465  |p MD.22550  |r 2024-06-17  |v 199000.00  |w 2024-06-17  |y BK 
952 |0 0  |1 0  |2 ddc  |4 0  |6 658_409200000000000_M465  |7 0  |9 28988  |a 000001  |b 000001  |d 2024-06-17  |o 658.4092 M465  |p MD.22551  |r 2024-06-17  |v 199000.00  |w 2024-06-17  |y BK 
952 |0 0  |1 0  |2 ddc  |4 0  |6 658_409200000000000_M465  |7 0  |9 28989  |a 000001  |b 000001  |d 2024-06-17  |o 658.4092 M465  |p MD.22552  |r 2024-06-17  |v 199000.00  |w 2024-06-17  |y BK 
952 |0 0  |1 0  |2 ddc  |4 0  |6 658_409200000000000_M465  |7 0  |9 28990  |a 000001  |b 000001  |d 2024-06-17  |o 658.4092 M465  |p MD.22553  |r 2024-06-17  |v 199000.00  |w 2024-06-17  |y BK 
952 |0 0  |1 0  |2 ddc  |4 0  |6 658_409200000000000_M465  |7 0  |9 28991  |a 000001  |b 000001  |d 2024-06-17  |o 658.4092 M465  |p MD.22554  |r 2024-06-17  |v 199000.00  |w 2024-06-17  |y BK 
980 |a Thư viện Trường Đại học Nam Cần Thơ